00354nam a2200121Ia 4500008004100000020001800041040001200059082001400071100002100085245006900106260004500175300001200220200103s9999||||xx |||||||||||||| ||und|| a9780070340411 aIMU-MPC aColumn-31 aKelly, S. Graham 0aSchaum's Outline of Theory and problems of Mechanical Vibrations bSchaum's Outline Series, Singaporec1996 aix, 352